000 00378nam a2200145Ia 4500
008 180424s9999 xx 000 0 und d
040 _aPK-NaQUE
100 _a09ME115
100 _aMuhammad Safdar Soomro
245 0 _aDevelopment and Manufacturing of Tesla Turbine
260 _bQUEST
260 _c2009
300 _a107
700 _aDepartment of Mechanical Engineering
999 _c58554
_d58551